000 00530nam a2200157 a 4500
001 000037819
005 20201002031124.0
008 130306s1988 sp 000 0 spa d
020 _a8486902045
040 _aDO-SdBNP
_bspa
_cBNPHU
100 1 _aSánchez Ron, José Manuel
_914923
245 1 0 _aCiencia y sociedad en España :
_bde la ilustración a la guerra civil /
_cJosé Manuel Sánchez Ron.
260 _aMadrid :
_bEdiciones el Arquero,
_c1988.
300 _a306 p. ;
_c22 cm.
500 _aIncluye notas al pie de las páginas
999 _c37309
_d37309